000 00471nam a2200181Ia 4500
005 20250326130410.0
008 250326s9999 xx 000 0 und d
037 _aTextbook
040 _aFMSL
_beng
_cFMSL
041 _aeng
_2eng
084 _aX:89Q L2
_qFMSL
100 _aVoris W
_9737929
245 0 _aProduction control
_cVoris W
260 _aNY
_bNY, Richard D Irwin
_c1972
300 _a478p
942 _cTB
_hX:89Q L2
999 _c1282317
_d1282317